000 00872nam a22002897a 4500
003 CHAP
005 20220329140820.0
008 971013s1958 r 00010 d
010 _a58074
011 _a59046
035 _a63203
040 _cCHAP
082 _a657.3
_bS86
100 0 0 _aStockwell, Herbert G.
_9109840
245 _aInterpretación y estudio crítico de balances y estados financieros
260 _aBarcelona :
_bLabor,
_c1958
300 _a352 p.
490 _aBiblioteca de comercio Labor
590 _aBATCH-UPD
_b10
_c20130110
_lUCH01
_h0013
590 _aBATCH-UPD
_b10
_c20130110
_lUCH01
_h0656
590 _aCONVERSION
_b10
_c20130109
_lUCH01
_h1331
650 1 4 _aEstados financieros.
_938269
830 0 _aBiblioteca de comercio Labor
_912293
901 _aBK
942 _cLIBRO
949 _a657.3 S86
_bBC
_cBPA
_d-135743
_eBPA
_h25065
_i63203
_si
999 _c58074
_d58074